| 000 | 00372nam a22001337a 4500 | ||
|---|---|---|---|
| 040 | _cNUST | ||
| 082 |
_a621.433 _bMOD |
||
| 100 |
_aForenz, Thomas _9118663 |
||
| 245 |
_aTurbine Aero Plane Structures and System : _bModule 11A / _cThomas Forenz |
||
| 260 |
_aUnited States : _bAircraft Technical Book Company; _c2016. |
||
| 300 | _a690p. | ||
| 521 | _bHB | ||
| 942 |
_2ddc _cBK |
||
| 999 |
_c606845 _d606845 |
||